[Event "Moscow op-A 17th"]
[White "Minakov, Artemij"]
[Black "Cherniaev, Danil"]
[Site "Moscow"]
[Round "6"]
[Result "1/2-1/2"]
[Date "2021.02.25"]
[WhiteElo "1837"]
[BlackElo "1583"]
[PlyCount "138"]
[EventDate "2021.02.20"]
[EventType "swiss"]
[EventRounds "9"]
[EventCountry "RUS"]
[SourceTitle "CBM 200 Extra"]
[Source "ChessBase"]
[SourceDate "2021.03.31"]
[SourceVersion "1"]
[SourceVersionDate "2021.03.31"]
[SourceQuality "1"]

1. d4 d5 2. Nf3 Nf6 3. g3 e6 4. Bg2 c5 5. c4 b6 6. cxd5 exd5 7. 0-0 Bb7 8. b3 Be7 9. Nc3 0-0 10. dxc5 bxc5 11. Bb2 Nbd7 12. Rc1 Nb6 13. e3 Rc8 14. Qe2 Qc7 15. Rfd1 a6 16. Rc2 Rfd8 17. Rdc1 Qb8 18. Nb1 Nbd7 19. Bh3 Qd6 20. Ba3 Qb6 21. Nc3 Bc6 22. Nd4 Bf8 23. Nxc6 Qxc6 24. Na4 c4 25. Bxf8 Kxf8 26. Nb2 Qb5 27. bxc4 dxc4 28. Nxc4 Rb8 29. Qf3 Ne5 30. Nxe5 Qxe5 31. Qe2 Qb5 32. Qf3 Qe5 33. Bf1 a5 34. Rc5 Qb2 35. a4 Qd2 36. R1c2 Qd1 37. Qxd1 Rxd1 38. Kg2 Rbb1 39. Be2 Rg1+ 40. Kf3 Rb4 41. Rxa5 Ng4 42. Rc8+ Ke7 43. Ra7+ Kd6 44. Bc4 Ne5+ 45. Kf4 Nxc4 46. Rd8+ Ke6 47. Rd4 Rf1 48. f3 Nxe3 49. Ra6+ Ke7 50. Ra7+ Ke6 51. Kxe3 Rxd4 52. Kxd4 Rxf3 53. Ke4 Rf2 54. h4 Re2+ 55. Kf3 Ra2 56. a5 Ra3+ 57. Kf4 Ra4+ 58. Kf3 Ra3+ 59. Kg4 Ra4+ 60. Kh3 Ra3 61. a6 Kf6 62. Ra8 Kg6 63. Kg4 h5+ 64. Kf4 Ra4+ 65. Kf3 Ra3+ 66. Kf4 Ra4+ 67. Ke3 Ra3+ 68. Kf4 Ra4+ 69. Kf3 Ra3+ 1/2-1/2

[Event "Moscow op-A 17th"]
[White "Cherniaev, Danil"]
[Black "Shoshin, Kirill"]
[Site "Moscow"]
[Round "3"]
[Result "0-1"]
[Date "2021.02.22"]
[WhiteElo "1583"]
[BlackElo "2030"]
[PlyCount "76"]
[EventDate "2021.02.20"]
[EventType "swiss"]
[EventRounds "9"]
[EventCountry "RUS"]
[SourceTitle "CBM 200 Extra"]
[Source "ChessBase"]
[SourceDate "2021.03.31"]
[SourceVersion "1"]
[SourceVersionDate "2021.03.31"]
[SourceQuality "1"]

1. d4 Nf6 2. c4 e6 3. Nc3 Bb4 4. Qc2 0-0 5. a3 Bxc3+ 6. Qxc3 b6 7. Nf3 Bb7 8. e3 d6 9. Be2 Nbd7 10. 0-0 Ne4 11. Qc2 f5 12. b4 Rf6 13. Bb2 Rg6 14. d5 exd5 15. cxd5 Bxd5 16. Bc4 Bxc4 17. Qxc4+ Kh8 18. Qc6 Ne5 19. Nxe5 dxe5 20. Qc2 Nd2 21. Qxf5 Rg5 22. Qc2 Nxf1 23. Rxf1 Qd5 24. f4 exf4 25. exf4 Rg6 26. f5 Rc6 27. Qe2 Rf8 28. b5 Rd6 29. a4 Qf7 30. Qg4 Rd2 31. f6 g6 32. Ba1 Re8 33. Kh1 h5 34. Qf4 Ree2 35. Qh6+ Kg8 36. Rg1 Rxg2 37. Rc1 Rxh2+ 38. Kg1 Rdg2+ 0-1

[Event "Moscow op-A 17th"]
[White "Khudyakov, Stanislav"]
[Black "Cherniaev, Danil"]
[Site "Moscow"]
[Round "2"]
[Result "1-0"]
[Date "2021.02.21"]
[WhiteElo "2196"]
[BlackElo "1583"]
[PlyCount "61"]
[EventDate "2021.02.20"]
[EventType "swiss"]
[EventRounds "9"]
[EventCountry "RUS"]
[SourceTitle "CBM 200 Extra"]
[Source "ChessBase"]
[SourceDate "2021.03.31"]
[SourceVersion "1"]
[SourceVersionDate "2021.03.31"]
[SourceQuality "1"]

1. d4 d5 2. c4 dxc4 3. Nc3 Nf6 4. e3 e5 5. Nf3 exd4 6. Qxd4 Qxd4 7. Nxd4 a6 8. Bxc4 c5 9. Nf3 Nc6 10. 0-0 Bg4 11. Nd5 Bd6 12. h3 Bxf3 13. gxf3 b5 14. Nxf6+ gxf6 15. Bd5 Rc8 16. Rd1 Ke7 17. f4 Rhg8+ 18. Kf1 f5 19. a3 Nb8 20. a4 b4 21. b3 a5 22. Bb2 Nd7 23. Bxf7 Rgf8 24. Bc4 Nb6 25. Ba6 Rc7 26. Rac1 Rg8 27. Bf6+ Ke6 28. Rxd6+ Kxd6 29. Be5+ Kd7 30. Rd1+ Kc6 31. Rd6# 1-0

[Event "Moscow op-A 17th"]
[White "Cherniaev, Danil"]
[Black "Polukhin, Alexander"]
[Site "Moscow"]
[Round "1"]
[Result "1-0"]
[Date "2021.02.20"]
[WhiteElo "1583"]
[BlackElo "2105"]
[PlyCount "71"]
[EventDate "2021.02.20"]
[EventType "swiss"]
[EventRounds "9"]
[EventCountry "RUS"]
[SourceTitle "CBM 200 Extra"]
[Source "ChessBase"]
[SourceDate "2021.03.31"]
[SourceVersion "1"]
[SourceVersionDate "2021.03.31"]
[SourceQuality "1"]

1. d4 Nf6 2. c4 e5 3. dxe5 Ng4 4. Nf3 Bc5 5. e3 Nc6 6. Nc3 0-0 7. Be2 Re8 8. 0-0 Ngxe5 9. a3 a5 10. b3 Nxf3+ 11. Bxf3 Ne5 12. Be2 Ra6 13. e4 Rd6 14. Qc2 Qh4 15. Nd5 Rg6 16. Bf4 Rge6 17. b4 Ba7 18. c5 Qd8 19. Bg3 Rh6 20. Qc3 d6 21. cxd6 cxd6 22. Rac1 Bd7 23. Qc7 Rhe6 24. Qxd8 Rxd8 25. Rc7 Kf8 26. Rxb7 Bd4 27. bxa5 Bc6 28. Rc7 Ra8 29. a6 Ke8 30. Kh1 Kd8 31. f4 Bxd5 32. fxe5 Kxc7 33. exd6+ Kc6 34. exd5+ Kb6 35. Rb1+ Ka7 36. dxe6 1-0

[Event "EU-ch U12"]
[White "Cherniaev, Danil"]
[Black "Gschiel, Alexander"]
[Site "Bratislava"]
[Round "8"]
[Result "0-1"]
[Date "2019.08.09"]
[WhiteElo "1513"]
[BlackElo "1768"]
[PlyCount "76"]
[EventDate "2019.08.02"]
[EventType "swiss"]
[EventRounds "9"]
[EventCountry "SVK"]
[SourceTitle "EXT 2020"]
[Source "ChessBase"]
[SourceDate "2019.10.17"]
[SourceVersion "1"]
[SourceVersionDate "2019.10.17"]
[SourceQuality "1"]

1. d4 Nf6 2. c4 c6 3. Nc3 d5 4. cxd5 cxd5 5. Bf4 Qb6 6. Qd2 Nc6 7. e3 Bf5 8. Bd3 Bxd3 9. Qxd3 e6 10. Nge2 Be7 11. 0-0 0-0 12. a3 Na5 13. b4 Nc4 14. Na4 Qb5 15. Nec3 Qd7 16. Nc5 Bxc5 17. bxc5 Nh5 18. Bg5 b6 19. Qe2 g6 20. Bh6 Rfc8 21. g4 Ng7 22. e4 bxc5 23. exd5 exd5 24. dxc5 Rxc5 25. Rfd1 Qe6 26. Qf3 Ne5 27. Qe3 Rac8 28. Na4 Rc4 29. Nb2 Rxg4+ 30. Kf1 Nf5 31. Qb3 Nxh6 32. Rxd5 Rd4 33. Rd1 Rxd5 34. Rxd5 Nhg4 35. Qd1 Qf6 36. Qe2 Qg5 37. h3 Nh2+ 38. Ke1 Qg1+ 0-1

[Event "EU-ch U12"]
[White "Venkatesan, Kavin"]
[Black "Cherniaev, Danil"]
[Site "Bratislava"]
[Round "7"]
[Result "1-0"]
[Date "2019.08.08"]
[WhiteElo "1824"]
[BlackElo "1513"]
[PlyCount "101"]
[EventDate "2019.08.02"]
[EventType "swiss"]
[EventRounds "9"]
[EventCountry "SVK"]
[SourceTitle "EXT 2020"]
[Source "ChessBase"]
[SourceDate "2019.10.17"]
[SourceVersion "1"]
[SourceVersionDate "2019.10.17"]
[SourceQuality "1"]

1. d4 Nf6 2. c4 e6 3. Nf3 b6 4. g3 Bb4+ 5. Bd2 Qe7 6. Bg2 Bb7 7. 0-0 Bxd2 8. Nbxd2 0-0 9. Qc2 d6 10. e4 e5 11. Rfe1 Nbd7 12. Nh4 g6 13. Rad1 Rad8 14. Nb3 Nh5 15. d5 Ng7 16. Kh1 Rde8 17. Bh3 Bc8 18. Bg2 f5 19. exf5 Nxf5 20. Nxf5 Rxf5 21. Nd4 Rf6 22. Rd2 Qf7 23. Nb5 Nc5 24. b4 Bf5 25. Qc3 Nb7 26. Nxa7 Bg4 27. Qb2 Rf8 28. Rf1 Bf3 29. Bxf3 Rxf3 30. Re2 Qf5 31. Nc6 Qh3 32. Rg1 Kg7 33. Rg2 Qg4 34. Rxe5 dxe5 35. Nxe5 Qe4 36. Nxf3+ Kg8 37. Ne5 Rf5 38. f4 Nd6 39. c5 Nb5 40. d6 cxd6 41. cxd6 Nxd6 42. Qb3+ Kg7 43. Qc3 Kg8 44. Qb3+ Kg7 45. Qc3 Kg8 46. h4 Nf7 47. Nd7 Qb1+ 48. Kh2 Nd6 49. Nxb6 Rb5 50. Nc8 Ne4 51. Qc4+ 1-0

[Event "RUS-chT U14 final"]
[White "Kirillov, Anton1"]
[Black "Cherniaev, Danil"]
[Site "Sochi"]
[Round "5.4"]
[Result "1-0"]
[Date "2019.05.05"]
[WhiteElo "2023"]
[BlackElo "1592"]
[PlyCount "41"]
[EventDate "2019.05.01"]
[EventType "team-tourn"]
[EventRounds "9"]
[EventCountry "RUS"]
[SourceTitle "CBM 190 Extra"]
[Source "ChessBase"]
[SourceDate "2019.07.15"]
[SourceVersion "1"]
[SourceVersionDate "2019.07.15"]
[SourceQuality "1"]

1. e4 c6 2. Nc3 d5 3. Nf3 Bg4 4. Be2 e6 5. d4 Ne7 6. h3 Bh5 7. 0-0 Bg6 8. Bd3 Nd7 9. Re1 Nf6 10. Bg5 Nxe4 11. Bxe4 dxe4 12. Nxe4 Bxe4 13. Rxe4 h6 14. Bh4 Qb6 15. Ne5 Nf5 16. Qh5 g6 17. Nxg6 Ng7 18. Qg4 h5 19. Qg5 Rg8 20. Nxf8 Qb4 21. Nh7 1-0

[Event "RUS-chT U14 final"]
[White "Ponomarev, Vsevolod"]
[Black "Cherniaev, Danil"]
[Site "Sochi"]
[Round "2.4"]
[Result "1-0"]
[Date "2019.05.02"]
[WhiteElo "1875"]
[BlackElo "1592"]
[PlyCount "117"]
[EventDate "2019.05.01"]
[EventType "team-tourn"]
[EventRounds "9"]
[EventCountry "RUS"]
[SourceTitle "CBM 190 Extra"]
[Source "ChessBase"]
[SourceDate "2019.07.15"]
[SourceVersion "1"]
[SourceVersionDate "2019.07.15"]
[SourceQuality "1"]

1. e4 c6 2. d4 d5 3. Nc3 dxe4 4. Nxe4 Bf5 5. Ng3 Bg6 6. h4 h6 7. Nf3 Nd7 8. h5 Bh7 9. Bd3 Bxd3 10. Qxd3 e6 11. Bd2 Qc7 12. 0-0-0 Ngf6 13. Kb1 0-0-0 14. c4 Bd6 15. Ne4 Nxe4 16. Qxe4 Nf6 17. Qe2 c5 18. Bc3 cxd4 19. Nxd4 a6 20. g3 Kb8 21. Nb3 Rd7 22. Rc1 Qc6 23. c5 Bc7 24. Rh4 Rhd8 25. Rc4 Qd5 26. c6 b5 27. Rb4 Qf5+ 28. Ka1 Rd5 29. a4 Qxh5 30. g4 Qg5 31. Bxf6 gxf6 32. f4 Bxf4 33. Rxf4 Qxf4 34. c7+ Qxc7 35. Rxc7 Kxc7 36. Qc2+ Kb7 37. a5 Rc8 38. Qf2 Rc6 39. Qxf6 Rd7 40. Ka2 Kc8 41. Qf3 Kc7 42. Qf4+ Kb7 43. Qxh6 Rc4 44. Qe3 Rd6 45. Qf3+ Kb8 46. Qxf7 Ra4+ 47. Kb1 Rxg4 48. Nc5 Rd1+ 49. Ka2 Ra4+ 50. Kb3 Kc8 51. Qxe6+ Kc7 52. Qb6+ Kc8 53. Qxa6+ Kc7 54. Nxa4 bxa4+ 55. Kc2 Rd6 56. Qa7+ Kc6 57. a6 Kb5 58. Qb8+ Rb6 59. a7 1-0

[Event "RUS-chT U14 final"]
[White "Cherniaev, Danil"]
[Black "Ivanova, Maria1"]
[Site "Sochi"]
[Round "1.4"]
[Result "1-0"]
[Date "2019.05.01"]
[WhiteElo "1592"]
[BlackElo "1310"]
[PlyCount "93"]
[EventDate "2019.05.01"]
[EventType "team-tourn"]
[EventRounds "9"]
[EventCountry "RUS"]
[SourceTitle "CBM 190 Extra"]
[Source "ChessBase"]
[SourceDate "2019.07.15"]
[SourceVersion "1"]
[SourceVersionDate "2019.07.15"]
[SourceQuality "1"]

1. c4 c6 2. d4 d5 3. cxd5 cxd5 4. Nf3 Nc6 5. Nc3 Nf6 6. Bf4 a6 7. e3 e6 8. Bd3 Bd6 9. Bg3 Qc7 10. a3 Bd7 11. 0-0 0-0 12. Rc1 Rfe8 13. Na4 Rac8 14. Nc5 Bxg3 15. hxg3 h6 16. b4 Qb6 17. Ne5 Re7 18. f4 Rd8 19. Ncxd7 Nxd7 20. Nxc6 bxc6 21. Qa4 Nb8 22. Rc5 Ra7 23. Rfc1 Rd6 24. Kf2 Kh8 25. g4 Qd8 26. g3 Qf6 27. Rh1 Kg8 28. Ra5 g5 29. Bxa6 gxf4 30. gxf4 Nxa6 31. Rxa6 Rc7 32. Ra8+ Kg7 33. Qa5 Rcd7 34. Qa6 Qg6 35. Qe2 Qe4 36. Rh5 f6 37. Kg3 Qg6 38. Qh2 Rd8 39. Ra7+ R8d7 40. Ra5 f5 41. g5 hxg5 42. Rxg5 Qxg5+ 43. fxg5 Rf7 44. Ra8 f4+ 45. exf4 Rf5 46. Qh6+ Kf7 47. Qh7# 1-0

[Event "EU-ch U10 28th"]
[White "Thatte, Nishchal"]
[Black "Cherniaev, Danil"]
[Site "Riga"]
[Round "1"]
[Result "1-0"]
[Date "2018.08.20"]
[WhiteElo "1739"]
[BlackElo "1322"]
[PlyCount "63"]
[EventDate "2018.08.20"]
[EventType "swiss"]
[EventRounds "9"]
[EventCountry "LAT"]
[SourceTitle "CBM 186 Extra"]
[Source "ChessBase"]
[SourceDate "2018.08.24"]
[SourceVersion "1"]
[SourceVersionDate "2018.08.24"]
[SourceQuality "1"]

1. e4 c6 2. d4 d5 3. Nd2 dxe4 4. Nxe4 Bf5 5. Ng3 Bg6 6. h4 h6 7. Nf3 Nd7 8. h5 Bh7 9. Bd3 Bxd3 10. Qxd3 e6 11. Bd2 Qc7 12. 0-0-0 Ngf6 13. Kb1 0-0-0 14. Ne4 Nxe4 15. Qxe4 Nf6 16. Qe2 Bd6 17. g3 Kb8 18. c4 c5 19. Bc3 cxd4 20. Nxd4 a6 21. Nb3 Qc6 22. Rhe1 Be7 23. Be5+ Ka8 24. Bd4 Bb4 25. Rg1 Rd7 26. c5 Qa4 27. Bxf6 Rxd1+ 28. Rxd1 gxf6 29. Qc4 b5 30. Qe4+ Kb8 31. Rd7 Ba5 32. Qb7# 1-0